| 000 | 00951nam a2200253 i 4500 | ||
|---|---|---|---|
| 001 | 141422 | ||
| 003 | ES-MaACL | ||
| 005 | 20260127145616.0 | ||
| 007 | t| | ||
| 008 | 070924s1911 sp ||||1| spa d | ||
| 100 | 1 |
_aVizuete y Picón, Pelayo, _d1872-1933 _9115626 |
|
| 245 | 1 | 0 |
_aLecciones de árabe marroquí / _cpor Pelayo Vizuete. |
| 260 |
_aBarcelona : _bSucesores de Manuel Soler, _c[1911] ( _fImp. de Domingo Clarasó) |
||
| 300 |
_a362 p. ; _c20 cm. |
||
| 505 | 8 | _aContiene: Vocabulario marroquí-castellano . Vocabulario castellano-marroquí | |
| 530 | _aDisponible en formato digital. | ||
| 596 | _aFecha tomada de Palau. | ||
| 650 |
_aLengua árabe- _zMarruecos. _9173558 |
||
| 852 |
_aES-MaACL _jF-209 _cDEPO2 _xEncuadernación en piel |
||
| 852 |
_aES-MaACL _jA-5322 _cSPP1 |
||
| 856 | 4 |
_uhttp://bdh-rd.bne.es/viewer.vm?id=0000172422&page=1 _yBiblioteca Digital Hispánica |
|
| 942 | _2udc | ||
| 999 |
_c141422 _d141422 |
||